Trouve avec qui ces groupes de kpop ont fait un featuring - Statistiques

Statistiques générales
  • Ce quiz a été pris 231 fois
  • Le résultat moyen est 7 sur 16
Statistiques - réponses
Hint Réponse % Correct
Ice cream - Blackpink Selena Gomez
93%
My Universe - BTS Coldplay
77%
Strategy - Twice Megan
69%
Lose my breath - Stray kids Charlie Puth
67%
Sour Candy - Blackpink Lady gaga
61%
Back for more - TXT Anitta
55%
Boy with luv - BTS Halsey
53%
3D - BTS Jungkook Jack Harlow
41%
Do it like that - TXT Jonas Brothers
41%
Love, money, fame - Seventeen DJ Khaled
32%
On The Street - BTS J-Hope J Cole
25%
Let’s Shut Up & Dance - Lay, NCT 127 Jason Derulo
24%
Hangover - PSY Snoop dogg
16%
Who do u love - Monsta X French Montana
13%
Slow - Jackson Wang Ciara
7%
Written in the Stars - Rev Velvet Wendy John Legend
6%
Aucun quiz correspondant
Distribution des résultats
% des personnes avec chaque résultat
Percentile par nombre de réponses
Votre historique - résultats
Vous n’avez pas pris ce quiz